Introduction to pointers in C (Record no. 99)

MARC details
000 -LEADER
Fixed length control field 00478nam a2200181 4500
003 - CONTROL NUMBER IDENTIFIER
Control field SEACOMEC
005 - DATE AND TIME OF LATEST TRANSACTION
Control field 20240403153304.0
008 - FIXED-LENGTH DATA ELEMENTS--GENERAL INFORMATION
Fixed length control field 231005b |||||||| |||| 00| 0 eng d
020 ## - INTERNATIONAL STANDARD BOOK NUMBER / ISBN
Price rS. 120.00
040 ## - CATALOGING SOURCE
Original cataloging agency SEACOMEC
082 ## - DEWEY DECIMAL CLASSIFICATION NUMBER
Classification number 005.133
Book Number U67
100 1# - MAIN ENTRY--PERSONAL NAME
Personal name Upadhyay, S.P.
245 1# - TITLE STATEMENT
Title Introduction to pointers in C
Statement of responsibility S.P. Upadhyay
260 ## - IMPRINT
Place of publication Delhi
Name of publisher Dhanpat Rai
Date of publication 2004
650 ## - SUBJECT ADDED ENTRY--TOPICAL TERM
Topical term Computer programming, programs, data
650 ## - SUBJECT ADDED ENTRY--TOPICAL TERM
Topical term Programming languages
942 ## - ADDED ENTRY ELEMENTS (KOHA)
Koha item type Books
Holdings
Withdrawn status Lost status Source of classification Damaged status Not for loan Home library Current library Date acquired Total Checkouts Call number Accession number Date last seen Price effective from Koha item type Copy number
    Dewey Decimal Classification     SEACOM ENGINEERING COLLEGE SEACOM ENGINEERING COLLEGE 03/04/2024   005.133 U67 4809 03/04/2024 03/04/2024 Books  
    Dewey Decimal Classification     SEACOM ENGINEERING COLLEGE SEACOM ENGINEERING COLLEGE 03/04/2024   005.133 U67 4810 03/04/2024 03/04/2024 Books 1
© Seacom Engineering College, All rights reserved.      Powered by Koha